Οδύσσεια
Saved in:
| Main Author: | |
|---|---|
| Format: | Book |
| Language: | Greek |
| Published: |
Αθήνα :
Εκδόσεις Ελ. Καζαντζάκη,
1984.
|
| Subjects: | |
| Tags: |
Add Tag
No Tags, Be the first to tag this record!
|
MARC
| LEADER | 00000cam a2200000 i 4500 | ||
|---|---|---|---|
| 001 | 1/51582 | ||
| 008 | 140715s1984 gr | ||| |||| ||gre|| | ||
| 035 | |l 10118355 | ||
| 040 | |a GR-MyUa |b gre |e AACR2 | ||
| 041 | 0 | |a gre | |
| 082 | 7 | |a 889.1 |2 (23) | |
| 100 | 1 | |a Καζαντζάκης, Νίκος, |d 1883-1957. | |
| 245 | 1 | 0 | |a Οδύσσεια / |c Νίκου Καζαντζάκη. |
| 260 | |a Αθήνα : |b Εκδόσεις Ελ. Καζαντζάκη, |c 1984. | ||
| 300 | |a 898 σ. ; |c 25 εκ. | ||
| 600 | 0 | 0 | |a Homer |x Influence. |
| 852 | |a INST |b SYROS |e 20140715 |h 889.1 ΚΑΖ |p 005500012600 |q 005500012600 |t BK |y 0 | ||
| 901 | |a BIBL5-2014-2 | ||
| 970 | |a Κοντού |b Παρασκευή |z 15/07/2014 | ||